Statistics for NBA Top 10 Players Playoffs Campaigns All-Time

Click here to take the quiz!

General Stats

  • This quiz has been taken 33 times
  • The average score is 10 of 11

Answer Stats

Player Playoffs % Correct
Michael Jordan1991, 1993
100%
Tim Duncan2003
100%
Larry Bird1986
100%
Shaquille O'Neal2000, 2001
96%
LeBron James2012
96%
Magic Johnson1987
96%
Wilt Chamberlain1967
96%
Hakeem Olajuwon1994
89%
Bill Russell1969
89%
Dwyane Wade2006
81%
Dirk Nowitzki2011
78%

Score Distribution

Percentile by Number Answered

Percent of People with Each Score

Your Score History

You have not taken this quiz